<?xml version="1.0" encoding="UTF-8"?>
<record
    xmlns:xsi="http://www.w3.org/2001/XMLSchema-instance"
    xsi:schemaLocation="http://www.loc.gov/MARC21/slim http://www.loc.gov/standards/marcxml/schema/MARC21slim.xsd"
    xmlns="http://www.loc.gov/MARC21/slim">

  <leader>01046na  a2200289   4500</leader>
  <controlfield tag="001">16249</controlfield>
  <controlfield tag="003">MIRAKIL</controlfield>
  <controlfield tag="005">20181213155124.0</controlfield>
  <controlfield tag="008">161003b        tu            000 0      </controlfield>
  <datafield tag="035" ind1=" " ind2=" ">
    <subfield code="a">16249</subfield>
  </datafield>
  <datafield tag="040" ind1=" " ind2=" ">
    <subfield code="a">Milas</subfield>
    <subfield code="b">tur</subfield>
    <subfield code="c">TR-AnCHP</subfield>
  </datafield>
  <datafield tag="041" ind1=" " ind2=" ">
    <subfield code="a">tur</subfield>
  </datafield>
  <datafield tag="082" ind1=" " ind2=" ">
    <subfield code="a">335.509561</subfield>
    <subfield code="b">T96 1971</subfield>
  </datafield>
  <datafield tag="090" ind1=" " ind2=" ">
    <subfield code="a">335.509561 T96 1971</subfield>
  </datafield>
  <datafield tag="245" ind1=" " ind2=" ">
    <subfield code="a">T&#xFC;rk i&#x15F;&#xE7;i hareketi i&#xE7;in sosyal demokrat d&#xFC;zen</subfield>
    <subfield code="b">ilkeler-ama&#xE7;lar-y&#xF6;ntem</subfield>
    <subfield code="c">Besin &#x130;&#x15F; ...[ve &#xF6;te.]</subfield>
  </datafield>
  <datafield tag="246" ind1=" " ind2=" ">
    <subfield code="a">&#x130;&#x15F;&#xE7;i hareketleri</subfield>
  </datafield>
  <datafield tag="246" ind1=" " ind2=" ">
    <subfield code="a">Sosyal demokrat d&#xFC;zen</subfield>
  </datafield>
  <datafield tag="260" ind1=" " ind2=" ">
    <subfield code="a">Ankara</subfield>
    <subfield code="b">[yayl.y.]</subfield>
    <subfield code="c">1971</subfield>
  </datafield>
  <datafield tag="300" ind1=" " ind2=" ">
    <subfield code="a">viii, 380 s.</subfield>
    <subfield code="b">tbl.</subfield>
    <subfield code="c">24 sm.</subfield>
  </datafield>
  <datafield tag="500" ind1=" " ind2=" ">
    <subfield code="a">"Bu kitap oniki sosyal demokrat sendika ve federasyon y&#xF6;neticileri taraf&#x131;ndan haz&#x131;rlanm&#x131;&#x15F;t&#x131;r."</subfield>
  </datafield>
  <datafield tag="650" ind1=" " ind2=" ">
    <subfield code="a">T&#xFC;rk &#x130;&#x15F;&#xE7;i Hareketi</subfield>
  </datafield>
  <datafield tag="650" ind1=" " ind2=" ">
    <subfield code="a">&#x130;&#x15F;&#xE7;i sendikalar&#x131;</subfield>
    <subfield code="x">Siyasal etkinlik</subfield>
    <subfield code="y">&#x130;&#x15F;&#xE7;i hareketleri</subfield>
    <subfield code="z">T&#xFC;rkiye</subfield>
  </datafield>
  <datafield tag="650" ind1=" " ind2=" ">
    <subfield code="a">Sosyal demokrasi</subfield>
    <subfield code="z">T&#xFC;rkiye</subfield>
  </datafield>
  <datafield tag="650" ind1=" " ind2=" ">
    <subfield code="a">Toplumsal sorunlar</subfield>
    <subfield code="x">Sosyal g&#xFC;venlik sorunu</subfield>
    <subfield code="z">T&#xFC;rkiye</subfield>
  </datafield>
  <datafield tag="650" ind1=" " ind2=" ">
    <subfield code="a">&#x130;&#x15F;&#xE7;i s&#x131;n&#x131;f&#x131; </subfield>
    <subfield code="x">Ekonomik sorunlar</subfield>
    <subfield code="z">T&#xFC;rkiye</subfield>
  </datafield>
  <datafield tag="942" ind1=" " ind2=" ">
    <subfield code="2">ddc</subfield>
    <subfield code="c">BKS</subfield>
  </datafield>
  <datafield tag="952" ind1=" " ind2=" ">
    <subfield code="a">0001</subfield>
    <subfield code="b">0001</subfield>
    <subfield code="d">2016-10-01</subfield>
    <subfield code="e">2</subfield>
    <subfield code="l">0</subfield>
    <subfield code="o">335.509561 T96 1971</subfield>
    <subfield code="p">005150</subfield>
    <subfield code="r">2016-10-01 00:00:00</subfield>
    <subfield code="v">0.00</subfield>
    <subfield code="w">2016-10-01</subfield>
    <subfield code="y">BKS</subfield>
  </datafield>
  <datafield tag="952" ind1=" " ind2=" ">
    <subfield code="a">0001</subfield>
    <subfield code="b">0001</subfield>
    <subfield code="d">2016-10-02</subfield>
    <subfield code="e">2</subfield>
    <subfield code="l">0</subfield>
    <subfield code="o">335.509561 T96 1971</subfield>
    <subfield code="p">005169</subfield>
    <subfield code="r">2016-10-02 00:00:00</subfield>
    <subfield code="t">k.2</subfield>
    <subfield code="v">0.00</subfield>
    <subfield code="w">2016-10-02</subfield>
    <subfield code="y">BKS</subfield>
  </datafield>
  <datafield tag="952" ind1=" " ind2=" ">
    <subfield code="a">0001</subfield>
    <subfield code="b">0001</subfield>
    <subfield code="d">2016-10-02</subfield>
    <subfield code="e">2</subfield>
    <subfield code="l">0</subfield>
    <subfield code="o">335.509561 T96 1971</subfield>
    <subfield code="p">005170</subfield>
    <subfield code="r">2016-10-02 00:00:00</subfield>
    <subfield code="t">k.3</subfield>
    <subfield code="v">0.00</subfield>
    <subfield code="w">2016-10-02</subfield>
    <subfield code="y">BKS</subfield>
  </datafield>
  <datafield tag="999" ind1=" " ind2=" ">
    <subfield code="c">6963</subfield>
    <subfield code="d">6963</subfield>
  </datafield>
</record>
